| 000 | 00469nam a2200181Ia 4500 | ||
|---|---|---|---|
| 005 | 20250508154333.0 | ||
| 008 | 008 250505s9999 xx 000 0 eng d | ||
| 037 | _aTextual | ||
| 040 |
_aFEDL _beng _cFEDL |
||
| 041 |
_aeng _2eng |
||
| 084 |
_a915.48, KER _qFEDL |
||
| 100 | _aMenon A Sreedhara | ||
| 245 | 0 | _aKerala district gazetteers: Trichur | |
| 260 | _c1962 | ||
| 300 | _aiv,634p | ||
| 942 |
_cTEXL _h915.48, KER |
||
| 999 |
_c1349622 _d1349622 |
||